[Event "Open"]
[Site "Dubna RUS"]
[Date "2007.08.10"]
[Round "11"]
[White "Nozdrachev,L"]
[Black "Larina,M"]
[Result "1-0"]
[WhiteElo "2195"]
[BlackElo "2092"]
[ECO "B30"]

1.e4 c5 2.Nf3 Nc6 3.Nc3 e5 4.Bc4 Be7 5.O-O Nf6 6.Re1 O-O 7.Nd5 d6 8.c3 Bg4
9.a4 Nxd5 10.exd5 Na5 11.Ba2 c4 12.d3 f5 13.Qe2 Bf6 14.Qe3 Qc8 15.dxc4 Nxc4
16.Qd3 Nb6 17.Ng5 Nxa4 18.Qc2 Nc5 19.f3 Bh5 20.b4 Na6 21.Qb3 e4 22.Bf4 Qxc3
23.Ne6 Qxb3 24.Bxb3 Bxa1 25.Rxa1 Rfd8 26.Nxd8 Rxd8 27.g4 Bg6 28.gxf5 Bxf5
29.fxe4 Bxe4 30.Re1 Bf5 31.Bg5 Rd7 32.Ba4 Rf7 33.Be7 Rf6 34.Bxf6 gxf6 35.Re7 Nxb4
36.Bb3 a5 37.Rxb7 Be4 38.Rb6 Bxd5 39.Bxd5+ Nxd5 40.Rxd6 Nb4 41.Rxf6 Kg7 42.Rf5 a4
43.Rf4 Nd5 44.Rxa4 Nf6 45.Kf2 Kg6 46.Ra5 h5 47.Kg3 Ng4 48.h3 Nf6 49.Kf4 h4
50.Rb5 Kh6 51.Kf5 Nh5 52.Rb6+ Kg7 53.Kg5 Ng3 54.Rb7+ Kf8 55.Kxh4 Nf5+ 56.Kg5 Ne7
57.Kf6 Nd5+ 58.Ke5 Ne7 59.Ke6 Ng8 60.Rh7 Ke8 61.h4 Kf8 62.h5 Ke8 63.h6 Kf8
64.Rh8  1-0

[Event "UTwente YM"]
[Site "Hengelo NED"]
[Date "2007.08.10"]
[Round "7"]
[White "Bitalzadeh,A"]
[Black "Broekmeulen,Ja"]
[Result "1/2-1/2"]
[WhiteElo "2390"]
[BlackElo "2283"]
[ECO "B30"]

1.e4 c5 2.Nc3 Nc6 3.Nf3 e6 4.Bb5 Nd4 5.O-O a6 6.Bd3 Ne7 7.Nxd4 cxd4 8.Ne2 Nc6
9.c3 Qb6 10.Qa4 Bc5 11.b4 Be7 12.Bb2 Ne5 13.Qc2 dxc3 14.Bxc3 d6 15.Kh1 Bf6
16.Ng3 h5 17.Rac1 h4 18.Ne2 Bd7 19.h3 Rc8 20.f4 Nxd3 21.Qxd3 Bb5 22.Qf3 Bxc3
23.dxc3 a5 24.f5 e5 25.Qg4 Bxe2 26.Qxe2 f6 27.bxa5 Qxa5 28.Qb2 O-O 29.Qxb7 Qxa2
30.c4 Kh7 31.Qe7 Qe2 32.Rfe1 Qd3 33.Qe6 Rc7 34.Rcd1  1/2-1/2

[Event "XVIII Kochan Mem"]
[Site "Koszalin POL"]
[Date "2007.08.10"]
[Round "6"]
[White "Warakomska,A"]
[Black "Szczukiewicz,A"]
[Result "0-1"]
[WhiteElo "2135"]
[BlackElo "2102"]
[ECO "B57"]

1.e4 c5 2.Nf3 Nc6 3.Nc3 d6 4.d4 cxd4 5.Nxd4 e5 6.Nf3 Be7 7.Bc4 Nf6 8.O-O O-O
9.h3 Na5 10.Bd5 Nxd5 11.Nxd5 Be6 12.b3 Rc8 13.c4 f5 14.exf5 Rxf5 15.Ba3 Bf8
16.Qd3 Qe8 17.Rad1 Qf7 18.Ne3 Rxf3 19.gxf3 Nc6 20.Kg2 Nd4 21.Nd5 Bf5 22.Qe3 Nc2
23.Qc1 Qg6+ 24.Kh2 Qh5 25.Ne3 Bxh3 26.Rh1 Nd4 27.Rxd4 exd4 28.Kg3 dxe3 29.Qxe3 Re8
30.Qd2 Qg6+ 31.Kxh3 Re5  0-1

[Event "Open"]
[Site "Callao PER"]
[Date "2007.08.11"]
[Round "5"]
[White "Sanz Alonso,F"]
[Black "Retamozo,H"]
[Result "1/2-1/2"]
[WhiteElo "2409"]
[BlackElo "2235"]
[ECO "B75"]

1.e4 c5 2.Nf3 Nc6 3.Nc3 g6 4.d4 cxd4 5.Nxd4 Bg7 6.Be3 d6 7.Qd2 Nf6 8.f3 h5
9.Bc4 Bd7 10.O-O-O Rc8 11.Bb3 Na5 12.Kb1 Nc4 13.Bxc4 Rxc4 14.Nb3 O-O 15.Bh6 Bxh6
16.Qxh6 Rxc3 17.bxc3 a5 18.Rhe1 a4 19.Nd4 Qb6+ 20.Kc1 Qc5 21.Rd3 Rc8 22.Kd2 b5  1/2-1/2

[Event "IM"]
[Site "Dubna RUS"]
[Date "2007.08.11"]
[Round "16"]
[White "Bezgodova,S"]
[Black "Grebenshikov,V"]
[Result "1-0"]
[WhiteElo "2266"]
[BlackElo "2307"]
[ECO "B70"]

1.Nf3 c5 2.e4 Nc6 3.Nc3 g6 4.d4 cxd4 5.Nxd4 Bg7 6.Nb3 Nf6 7.Be2 O-O 8.O-O d6
9.Re1 Be6 10.Bg5 Rc8 11.Qd2 Re8 12.Rad1 Ne5 13.Bf1 Bc4 14.f4 Qb6+ 15.Qd4 Qxd4+
16.Nxd4 Neg4 17.h3 h6 18.Bh4 g5 19.fxg5 hxg5 20.Bxg5 Ne5 21.Nf5 Be6 22.Bb5 Nxe4
23.Nxe4 Bxf5 24.Bxe8 Rxe8 25.c3 Kf8 26.Ng3 Bg6 27.Rf1 Nd3 28.Rd2 Be5 29.Nf5 Nc5
30.Nh4 Bh7 31.Rdf2 f6 32.Bh6+ Kf7 33.Nf5 Rc8 34.Be3 a5 35.Bd4 Ke6 36.Bxc5 Rxc5
37.Nd4+ Kd7 38.Rd2 a4 39.a3 Be4 40.g4 Rc8 41.Nf3 Bf4 42.Rdd1 e5 43.Nd2 Be3+
44.Kh2 Bc2 45.h4 Bxd1 46.Rxd1 d5 47.Nf3 Ke6 48.Re1 Bf4+ 49.Kh3 Rc4 50.Nd4+ Kd7
51.Nf5 Rc7 52.h5 Bg5 53.Nh4 Kd6 54.Nf3 Bf4 55.Rh1 Kc5 56.g5 fxg5 57.Kg4 Kc4
58.h6 e4 59.h7 Rxh7 60.Rxh7 exf3 61.Kxf3 b5 62.Ke2 g4 63.Rh4 Kb3 64.Rxg4 Bd6
65.Rg6 Be7 66.Re6 Bf8 67.Re8 Bg7 68.Rg8 Bf6 69.Rg6 Bh8 70.Rb6 Kxb2 71.Kd3 Kxa3
72.Rxb5 Ka2 73.Rxd5 a3 74.Kc2  1-0

[Event "UTwente YM"]
[Site "Hengelo NED"]
[Date "2007.08.11"]
[Round "9"]
[White "Corrales Jimenez,F"]
[Black "Harika,D"]
[Result "1-0"]
[WhiteElo "2499"]
[BlackElo "2478"]
[ECO "B30"]

1.e4 c5 2.Nf3 Nc6 3.Nc3 e5 4.Bc4 Be7 5.O-O d6 6.d3 Nf6 7.Ng5 O-O 8.f4 Bg4
9.Qe1 exf4 10.Bxf4 Nd4 11.Qd2 Qd7 12.a4 Be6 13.Nxe6 fxe6 14.e5 dxe5 15.Bxe5 Ng4
16.Bg3 Bd6 17.Qg5 Nf6 18.Bxd6 Qxd6 19.Rxf6 Rxf6 20.Ne4 Rf5 21.Qxf5 Nxf5 22.Nxd6 Nxd6
23.Bxe6+ Kh8 24.Re1 Re8 25.Kf2 g6 26.Bd5 Rxe1 27.Kxe1 Kg7 28.c3 Kf6 29.d4 cxd4
30.cxd4 b5 31.Kd2 bxa4 32.Kd3 Nb5 33.Kc4 a6 34.Kb4 Nxd4 35.Kxa4 Ke5 36.Bb7 Kd6
37.Ka5 Nb3+ 38.Kb6 Nc5 39.b4 Nd3 40.Ka5 Kc7 41.Bxa6 Ne5 42.h3 g5 43.Be2 Nc6+
44.Ka4 Kb6 45.Bd3 h6 46.Kb3 Ne5 47.Be2 Ng6 48.Kc4 Nf4 49.Bf1 h5 50.g3 Ng6
51.Kd4 h4 52.g4 Ne7 53.b5 Ng6 54.Ke4  1-0

[Event "Tsiolkovsky Mem"]
[Site "Kaluga RUS"]
[Date "2007.08.11"]
[Round "8"]
[White "Shabanov,Y"]
[Black "Evdokimenko,V"]
[Result "1-0"]
[WhiteElo "2431"]
[BlackElo "2325"]
[ECO "B23"]

1.e4 c5 2.Nc3 Nc6 3.Bb5 g6 4.Bxc6 dxc6 5.d3 Bg7 6.Be3 b6 7.Qd2 e5 8.f4 Nf6
9.fxe5 Ng4 10.Bg5 Qc7 11.Nf3 Nxe5 12.Bh6 Nxf3+ 13.gxf3 Bxh6 14.Qxh6 Be6 15.O-O-O O-O-O
16.Kb1 f5 17.h4 fxe4 18.fxe4 Rhf8 19.Rdf1 Rxf1+ 20.Rxf1 c4 21.dxc4 Bxc4 22.Rf8 Rxf8
23.Qxf8+ Qd8 24.Qf2 Kb7 25.e5 Be6 26.Qf4 Bf5 27.b3 h5 28.Kb2 Qd7 29.a4 a5
30.Qe3 Qe7 31.Qd4 g5 32.hxg5 Qxg5 33.Ne4 Bxe4 34.Qxe4 Kc7 35.Qh7+ Kd8 36.Qd3+ Kc7
37.Qd6+ Kb7 38.Qd7+ Kb8 39.Qd6+ Kb7 40.e6 Qf6+ 41.Kb1 Qf1+ 42.Ka2  1-0

[Event "It"]
[Site "Kemerovo RUS"]
[Date "2007.08.11"]
[Round "9"]
[White "Klimov,A"]
[Black "Iwasaki,Y"]
[Result "1-0"]
[WhiteElo "2356"]
[BlackElo "2138"]
[ECO "B23"]

1.e4 c5 2.Nc3 Nc6 3.Bb5 Na5 4.Be2 e6 5.Nf3 a6 6.d4 cxd4 7.Qxd4 Qc7 8.Bg5 f6
9.Be3 Nc6 10.Qd2 Bb4 11.a3 Ba5 12.b4 Nxb4 13.axb4 Bxb4 14.Bd4 e5 15.O-O Qc6
16.Qd3 exd4 17.Nd5 Bc5 18.Nxd4 Bxd4 19.Qxd4 Ne7 20.Bh5+ Kd8 21.Nxe7 Kxe7
22.e5 Kd8 23.Rab1 fxe5 24.Qxe5 Qf6 25.Qa5+  1-0

[Event "5th Staunton Mem"]
[Site "London ENG"]
[Date "2007.08.11"]
[Round "5"]
[White "Jones,G"]
[Black "Werle,J"]
[Result "0-1"]
[WhiteElo "2526"]
[BlackElo "2552"]
[ECO "B23"]

1.e4 c5 2.Nc3 Nc6 3.Bb5 Nd4 4.Bc4 e6 5.Nge2 Nf6 6.O-O a6 7.d3 b5 8.Bb3 Nxb3
9.axb3 Bb7 10.Bg5 d6 11.f4 h6 12.Bh4 g5 13.Bg3 Bg7 14.Qd2 Nh5 15.f5 Nxg3
16.Nxg3 h5 17.Qd1 g4 18.Nge2 Qg5 19.Qc1 Qxc1 20.Raxc1 Ke7 21.Nf4 Rh6 22.Nd1 exf5
23.exf5 Kd7 24.Nc3 Bd4+ 25.Kh1 h4 26.Ncd5 h3 27.g3 Bxb2 28.Rce1 Be5 29.Kg1 Re8
30.c4 Bd4+ 31.Kh1 Re5 32.Re4 Rh8 33.Nf6+ Kc8 34.N4d5 Rxe4 35.Nxe4 Kd7 36.Ng5 Re8
37.Nxf7 Re3 38.Rd1 Rf3 39.Nh6 Bg7 40.Nxg4 Rxf5 41.Ne3 Rf3 42.Nb6+ Ke6 43.Ned5 Bd4
44.Nc7+ Kf5 45.Nbd5 Rf2 46.Ne8 Be5 47.Nc7 Rb2 48.Rf1+ Kg6 49.b4 bxc4  0-1

[Event "Romanian Open"]
[Site "Predeal ROM"]
[Date "2007.08.11"]
[Round "1"]
[White "Traistaru,T"]
[Black "Ulibin,M"]
[Result "0-1"]
[WhiteElo "2137"]
[BlackElo "2514"]
[ECO "B30"]

1.e4 c5 2.Nc3 Nc6 3.Nf3 e6 4.Bb5 Nge7 5.O-O Nd4 6.Nxd4 cxd4 7.Ne2 a6 8.Ba4 b5
9.Bb3 Nc6 10.c3 d3 11.Nf4 Ne5 12.Qh5 Qf6 13.Nh3 Bc5 14.Kh1 g6 15.Qg5 Qxg5
16.Nxg5 f5 17.exf5 gxf5 18.Bd1 Rg8 19.f4 Bb7 20.fxe5 Rxg5 21.Bf3 O-O-O 22.b4 Bb6
23.Bxb7+ Kxb7 24.Rf3 f4 25.Rxf4 Rxe5 26.Bb2 Re2 27.Rd1 e5 28.Rff1 Rg8 29.g3 Rg6
30.c4 bxc4 31.Rf5 d6 32.Bc3 Rh6 33.h4 Rg6 34.Rf3 Kc6 35.h5 Rg5 36.g4 Rxg4
37.Rh3 d5 38.Rh2 d4 39.Ba1 Kb5  0-1

[Event "RC Sport Open"]
[Site "Ceska Trebova CZE"]
[Date "2007.08.12"]
[Round "4"]
[White "Petr,Ma"]
[Black "Kuchynka,Luk"]
[Result "1-0"]
[WhiteElo "2453"]
[BlackElo "2180"]
[ECO "B54"]

1.e4 c5 2.Nf3 Nc6 3.Nc3 d6 4.d4 cxd4 5.Nxd4 e5 6.Nf5 Bxf5 7.exf5 Qd7 8.Nd5 O-O-O
9.Be3 Kb8 10.Bb5 Qxf5 11.O-O Nf6 12.c4 Nxd5 13.Bxc6 Nxe3 14.fxe3 Qc8 15.Bd5 f5
16.e4 f4 17.Rf3 Be7 18.Kh1 Qc5 19.Rb3 b6 20.a4 Rdf8 21.a5 Bd8 22.axb6 Bxb6
23.Rb5 Qd4 24.Qa4 Kc7 25.c5 dxc5 26.Rxb6 axb6 27.Qc6+  1-0

[Event "RC Sport Open"]
[Site "Ceska Trebova CZE"]
[Date "2007.08.12"]
[Round "4"]
[White "Hagarova,Z"]
[Black "Pacher,M"]
[Result "1-0"]
[WhiteElo "2389"]
[BlackElo "2255"]
[ECO "B30"]

1.e4 c5 2.Nf3 Nc6 3.Nc3 Nf6 4.Bb5 Qc7 5.O-O Nd4 6.Nxd4 cxd4 7.Nd5 Nxd5 8.exd5 Qc5
9.c4 dxc3 10.Qb3 a6 11.Be2 e6 12.dxc3 Be7 13.Bf4 O-O 14.Rad1 Re8 15.d6 Bg5
16.Bxg5 Qxg5 17.a4 b5 18.axb5 Bb7 19.g3 Reb8 20.bxa6 Bxa6 21.Qc2 Bxe2 22.Qxe2 Ra2
23.Rb1 Qd5 24.Rfd1 Qb3 25.Rd2 f6 26.h4 Rb6 27.Qh5 Ra8 28.Kg2 Rab8 29.Ra1 Qc4
30.Ra7 Qc6+ 31.Qf3 Qb5 32.Rd4 R6b7 33.Rxb7 Qxb7 34.Qxb7 Rxb7 35.Rd2 Kf7 36.c4 e5
37.c5 Ke6 38.Kf3 Rb8 39.Ke2 Rc8 40.b4 Rb8 41.Kd1 g5 42.b5 h6 43.c6  1-0

[Event "Open"]
[Site "Dubna RUS"]
[Date "2007.08.12"]
[Round "14"]
[White "Dzhangobegov,V"]
[Black "Mikhailov,St"]
[Result "1-0"]
[WhiteElo "2143"]
[BlackElo "1990"]
[ECO "B88"]

1.e4 c5 2.Nf3 Nc6 3.Nc3 d6 4.Bc4 e6 5.d4 cxd4 6.Nxd4 Nf6 7.Be3 Be7 8.Bb3 O-O
9.Qe2 e5 10.Nf3 Bg4 11.O-O-O Rc8 12.h3 Be6 13.g4 Bxb3 14.cxb3 Nxe4 15.Kb1 Nxc3+
16.bxc3 Qa5 17.Bd2 Rfd8 18.g5 Qb6 19.h4 d5 20.Nxe5 Ba3 21.Be3 Qa5 22.Nxc6 Rxc6
23.Bd4 Re6 24.Qd2 Rde8 25.Rhe1 Qa6 26.Be3 Re5 27.f4 Re4 28.f5 Rxh4 29.Bc5 Rhe4
30.Rxe4 dxe4 31.Qd7 Rf8 32.Bxf8 Bxf8 33.c4 Qb6 34.Qd4 Qb4 35.Qxe4 a5 36.g6 fxg6
37.fxg6 h6 38.Qe6+ Kh8 39.Rf1  1-0

[Event "ch-SLO"]
[Site "Ljubljana SLO"]
[Date "2007.08.12"]
[Round "2"]
[White "Barle,J"]
[Black "Gombac,Jan"]
[Result "1/2-1/2"]
[WhiteElo "2400"]
[BlackElo "2290"]
[ECO "B23"]

1.e4 c5 2.Ne2 Nc6 3.Nbc3 e6 4.g3 d5 5.exd5 exd5 6.Bg2 d4 7.Nd5 Bd6 8.O-O Nf6
9.Nef4 Ng4 10.h3 Nge5 11.d3 O-O 12.c4 Bf5 13.g4 Bg6 14.Nxg6 Nxg6 15.g5 Qd7
16.Qh5 Nce7 17.Nxe7+ Qxe7 18.f4 f5 19.Qf3 Rab8 20.Qg3 Qc7 21.Bd2 Kh8 22.h4 b5
23.cxb5 Rxb5 24.b3 Ne7 25.Rae1 Rbb8 26.Re6 Rbe8 27.Rfe1 Qd7 28.Qf3 Ng6 29.Rxe8 Rxe8
30.Rxe8+ Qxe8 31.h5 Ne7 32.Qa8 Qxa8 33.Bxa8 Kg8 34.Bb7 Kf7 35.Kf2 Ke6 36.Ba6 h6
37.Kf3 Kd7 38.Bc4 Nc8 39.Be1 Be7 40.Bd2 Nd6 41.Bg8 Nc8 42.Bh7 Ke6 43.Bg8+ Kd7
44.Bh7 Ke6 45.Bg8+  1/2-1/2

[Event "17th Chess Festival"]
[Site "Abu Dhabi UAE"]
[Date "2007.08.13"]
[Round "2"]
[White "Adhiban,B"]
[Black "Sturua,Z"]
[Result "0-1"]
[WhiteElo "2406"]
[BlackElo "2517"]
[ECO "B60"]

1.e4 c5 2.Nc3 Nc6 3.Nf3 d6 4.d4 cxd4 5.Nxd4 Nf6 6.Bg5 Bd7 7.Be2 e6 8.Ndb5 Qb8
9.a4 Be7 10.Qd2 a6 11.Na3 Qc7 12.Rd1 h6 13.Be3 Nb4 14.Nc4 d5 15.Bf4 Nxc2+
16.Kf1 Qc5 17.e5 Ng4 18.Bg3 f5 19.Qxc2 O-O 20.Na3 Rac8 21.Qd2 Qb6 22.Nc4 Rxc4
23.Bxc4 f4 24.Bxf4 Nxf2 25.Nxd5 exd5 26.Bxd5+ Kh8 27.Qxf2 Bc5 28.Qc2 Rxf4+
29.Bf3 Bxa4 30.Rd8+ Qxd8 31.Qxc5 Qd2 32.h3 Bc6 33.Qc3 Qd1+ 34.Kf2 Qxh1 35.e6 Qb1
36.e7 Qg6 37.Qe5 Rf6 38.Kg1 Rxf3  0-1

[Event "RC Sport Open"]
[Site "Ceska Trebova CZE"]
[Date "2007.08.13"]
[Round "5"]
[White "Zeman,Ar1"]
[Black "Priborsky,I"]
[Result "0-1"]
[WhiteElo "2108"]
[BlackElo "2339"]
[ECO "B75"]

1.e4 c5 2.Nc3 Nc6 3.Nf3 g6 4.d4 cxd4 5.Nxd4 Bg7 6.Be3 d6 7.Qd2 Nf6 8.f3 a6
9.a4 O-O 10.Bc4 Qc7 11.Nxc6 bxc6 12.a5 Rb8 13.Bb6 Qb7 14.Ra3 Nd7 15.Rb3 Nxb6
16.Rxb6 Qc7 17.Na4 d5 18.Bd3 Bd4 19.Rxb8 Qxb8 20.c3 Ba7 21.Nb6 Bxb6 22.axb6 Qxb6
23.exd5 cxd5 24.Qf2 Qd6 25.f4 e5 26.fxe5 Qxe5+ 27.Qe2 Qf4 28.Qd2 Re8+ 29.Kd1 Qa4+
30.Qc2 Qf4 31.Qd2 Bg4+ 32.Kc1 Qa4 33.Qc2 Qa1+ 34.Qb1 Qa5 35.Kd2 d4 36.Re1 dxc3+
37.bxc3 Rd8 38.Re3 Qd5 39.Rg3 Bf5 40.Qc2 Bxd3 41.Rxd3 Qxg2+ 42.Kc1 Qf1+ 43.Rd1 Rxd1+
44.Qxd1 Qxd1+ 45.Kxd1 Kf8  0-1

[Event "It"]
[Site "Kemerovo RUS"]
[Date "2007.08.13"]
[Round "11"]
[White "Klimov,A"]
[Black "Mikhailov,V"]
[Result "1/2-1/2"]
[WhiteElo "2356"]
[BlackElo "1747"]
[ECO "B23"]

1.e4 c5 2.Nc3 Nc6 3.Bb5 Nd4 4.Bc4 g6 5.Nf3 Bg7 6.Nxd4 cxd4 7.Qf3 e6 8.Nb5 d6
9.Qa3 Ke7 10.c3 dxc3 11.dxc3 a6 12.Be2 Rb8 13.Na7 e5 14.Be3 Nf6 15.O-O-O Ne8
16.Bxa6 Ra8 17.Bc4 Be6 18.Qb3 Bxc4 19.Qxc4 Qd7 20.Rd5 Rxa7 21.Bxa7 b5 22.Rxb5 Qxa7
23.Qd5 Qd7 24.Rb7 Nc7 25.Qc4 Rc8 26.Rd1 Ke8 27.f3  1/2-1/2

[Event "New England Masters"]
[Site "Peabody USA"]
[Date "2007.08.13"]
[Round "1"]
[White "Mac Intyre,P"]
[Black "Milman,L"]
[Result "0-1"]
[WhiteElo "2304"]
[BlackElo "2499"]
[ECO "B31"]

1.e4 c5 2.Nc3 Nc6 3.Nf3 g6 4.Bb5 Bg7 5.O-O Nd4 6.a4 e6 7.Re1 Ne7 8.Bf1 O-O
9.Nb5 Nxf3+ 10.Qxf3 d5 11.d3 a6 12.Nc3 Nc6 13.Bf4 d4 14.Nd1 e5 15.Bc1 f5
16.exf5 gxf5 17.g3 Be6 18.c4 e4 19.dxe4 Ne5 20.Qg2 fxe4 21.Rxe4 Bg4 22.Rxg4 Nxg4
23.Qxb7 Qd6 24.Bd2 Kh8 25.Ra3 Rae8 26.Rf3 Rxf3 27.Qxf3 Ne5 28.Qe4 Qd7 29.Qc2 d3
30.Qc1 Nf3+ 31.Kh1 Re2  0-1

[Event "New England Masters"]
[Site "Peabody USA"]
[Date "2007.08.13"]
[Round "1"]
[White "Liu,E"]
[Black "Pruess,D"]
[Result "0-1"]
[WhiteElo "2260"]
[BlackElo "2424"]
[ECO "B23"]

1.e4 c5 2.Nc3 Nc6 3.Bb5 Nd4 4.Bc4 e6 5.Nge2 Nf6 6.O-O d5 7.exd5 exd5 8.Nxd5 Nxd5
9.Nxd4 cxd4 10.Qh5 Ne7 11.Qxf7+ Kd7 12.Re1 Qa5 13.b4 Qg5 14.d3 Qf6 15.Qh5 g6
16.Qb5+ Kc7 17.Bg5 Qd6 18.Qe8 Nf5 19.Qe4 Bh6 20.Bxh6 Nxh6 21.Bd5 Rd8 22.Qxd4 Qxd5
23.Qf4+ Qd6 24.Qxh6 Bd7 25.Qg7 Rac8 26.c4 Re8 27.c5 Qxd3 28.Qxh7 Rxe1+ 29.Rxe1 Re8
30.Rf1 Kb8 31.h3 Bb5 32.Ra1 Qd4 33.Rb1 Rf8 34.Qxg6 Qxf2+ 35.Kh2 a6 36.Qg3+ Ka8
37.Qxf2 Rxf2 38.Kg3 Rxa2 39.h4 Bc6 40.Rg1 Ra3+ 41.Kf4 Rb3 42.h5 Rxb4+ 43.Kg5 Rc4
44.g4 Rxc5+ 45.Kf6 Be4 46.g5 b5 47.Re1 Rf5+ 48.Kg6 Bc2 49.Kh6 Rf8 50.g6 Rh8+
51.Kg5 b4 52.h6 Rg8 53.Re6 Kb7 54.h7 Rc8 55.Kh6 b3 56.g7 Bxh7 57.Kxh7 a5
58.Re7+ Ka6 59.Rf7 b2 60.Rf6+ Kb5 61.Rf1 a4 62.Kh6 a3 63.Rf8 Rc6+ 64.Kh5 b1=Q  0-1

[Event "FSGM August"]
[Site "Budapest HUN"]
[Date "2007.08.14"]
[Round "9"]
[White "Fogarasi,T"]
[Black "Szabolcsi,J"]
[Result "1/2-1/2"]
[WhiteElo "2425"]
[BlackElo "2376"]
[ECO "B30"]

1.e4 c5 2.Nf3 Nc6 3.Nc3 e5 4.Bc4 Be7 5.d3 d6 6.Nd2 Nf6 7.Nf1 Bg4 8.f3 Be6
9.Ne3 O-O 10.O-O Nh5 11.Ned5 Bg5 12.f4 Nxf4 13.Nxf4 Bxf4 14.Bxf4 exf4 15.Rxf4 Qg5
16.Qf1 Nd4  1/2-1/2

[Event "New England Masters"]
[Site "Peabody USA"]
[Date "2007.08.14"]
[Round "3"]
[White "Liu,E"]
[Black "Rensch,D"]
[Result "1-0"]
[WhiteElo "2260"]
[BlackElo "2400"]
[ECO "B23"]

1.e4 c5 2.Nc3 Nc6 3.Bb5 Nd4 4.Bc4 g6 5.Nf3 Bg7 6.Nxd4 cxd4 7.Qf3 Nh6 8.d3 O-O
9.Ne2 Ng4 10.Qg3 d6 11.h4 h5 12.Bb3 a5 13.a4 e6 14.f3 Ne3 15.c3 Qb6 16.Ra3 d5
17.cxd4 dxe4 18.Bxe3 exd3 19.Nc3 Bxd4 20.Bxd4 Qxd4 21.Qf2 Qe5+ 22.Kd2 Qf4+
23.Qe3 Qg3 24.Qg5 Qf2+ 25.Kc1 Qd4 26.Rd1 b6 27.Nb5 Qf2 28.Rxd3 Ba6 29.Rd2 Rac8+
30.Kb1 Qe1+ 31.Rd1 Qb4 32.Bxe6  1-0

[Event "Acropolis Open"]
[Site "Athens GRE"]
[Date "2007.08.15"]
[Round "2"]
[White "Petraki,M"]
[Black "Erturan,Y"]
[Result "1/2-1/2"]
[WhiteElo "2069"]
[BlackElo "2389"]
[ECO "B23"]

1.e4 c5 2.Nc3 Nc6 3.Bb5 d6 4.Bxc6+ bxc6 5.d3 e5 6.f4 exf4 7.Bxf4 Ne7 8.Nf3 Ng6
9.Bd2 Be7 10.O-O O-O 11.Qe2 Be6 12.Na4 Rb8 13.c4 Qd7 14.b3 Rbe8 15.Rad1 f5
16.Bc3 d5 17.Bb2 Qc8 18.e5 Qc7 19.Ba3 Bc8 20.Rde1 dxc4 21.dxc4 f4 22.h3 Rf5
23.Qf2 Nxe5 24.Nxe5 Rxe5 25.Rxe5 Qxe5 26.Qxf4 Qxf4 27.Rxf4 Bd6 28.Rf1 Re2
29.Bxc5 Bxc5+ 30.Nxc5 Rxa2 31.Rf2 Ra5 32.Ne4 Be6 33.Kf1 h6 34.Nd2 Ra1+ 35.Ke2 a5
36.Kd3 a4 37.bxa4 Rxa4 38.Kd4 Ra5 39.Ne4 Bf7 40.Nc5 Ra1 41.Nb3 Ra4 42.Nd2 Ra5
43.Ne4 Bg6 44.Nc5 Bf7 45.Ne4 Bg6 46.Nc5 Bf7  1/2-1/2

[Event "New England Masters"]
[Site "Peabody USA"]
[Date "2007.08.15"]
[Round "5"]
[White "Kritz,L"]
[Black "Perelshteyn,E"]
[Result "1/2-1/2"]
[WhiteElo "2571"]
[BlackElo "2540"]
[ECO "B35"]

1.e4 c5 2.Nc3 Nc6 3.Nf3 g6 4.d4 cxd4 5.Nxd4 Bg7 6.Be3 Nf6 7.Bc4 O-O 8.Bb3 a5
9.f3 d5 10.exd5 Nb4 11.Nde2 a4 12.Nxa4 Nfxd5 13.Bf2 Bf5 14.O-O b5 15.Nac3 Nxc3
16.Nxc3 Qxd1 17.Rfxd1 Bxc2 18.Bxc2 Nxc2 19.Rac1 Bxc3 20.Rxc2 Bf6  1/2-1/2

[Event "17th Chess Festival"]
[Site "Abu Dhabi UAE"]
[Date "2007.08.16"]
[Round "5"]
[White "Sethuraman,S"]
[Black "Ali,L"]
[Result "1-0"]
[WhiteElo "2380"]
[BlackElo "2224"]
[ECO "B66"]

1.e4 c5 2.Nf3 Nc6 3.Nc3 d6 4.d4 cxd4 5.Nxd4 Nf6 6.Bg5 e6 7.Qd2 a6 8.O-O-O Nxd4
9.Qxd4 Be7 10.h4 b5 11.e5 dxe5 12.Qxe5 Qb6 13.Ne4 Nxe4 14.Bxe7 Kxe7 15.Qxe4 Bb7
16.Qb4+ Ke8 17.Be2 Rc8 18.Rd2 Qc5 19.Qg4 Ke7 20.Rhd1 Rhd8 21.Qxg7 Rxd2 22.Rxd2 Qxf2
23.Qg5+ Kf8 24.Bf3 Qg1+ 25.Rd1 Qb6 26.Rd7 Qg1+ 27.Bd1 Rxc2+ 28.Kxc2 Be4+
29.Kc1  1-0

[Event "FSIMA August"]
[Site "Budapest HUN"]
[Date "2007.08.16"]
[Round "11"]
[White "Kadziolka,B"]
[Black "Izso,D"]
[Result "1/2-1/2"]
[WhiteElo "2287"]
[BlackElo "2200"]
[ECO "B23"]

1.e4 c5 2.Nc3 Nc6 3.Bb5 g6 4.Bxc6 dxc6 5.d3 Bg7 6.Be3 b6 7.Qd2 Nf6 8.Bh6 O-O
9.Bxg7 Kxg7 10.f4 a5 11.Nf3 Ba6 12.b3 Qc7 13.O-O Rad8 14.Rae1 Bc8 15.Nh4 Qd7
16.f5 b5 17.Kh1 c4 18.e5 Ng8 19.e6 fxe6 20.fxg6 hxg6 21.Qg5 Rxf1+ 22.Rxf1 Qe8
23.dxc4 bxc4 24.Qxa5 cxb3 25.cxb3 Nf6 26.Qe5 Qd7 27.h3 Qd4 28.Nf3 Qxe5 29.Nxe5 Rd2
30.Rc1 Ba6 31.Nf3 Rb2 32.Nd4 e5 33.Nc2  1/2-1/2

[Event "ch-SLO"]
[Site "Ljubljana SLO"]
[Date "2007.08.16"]
[Round "6"]
[White "Barle,J"]
[Black "Lenic,L"]
[Result "0-1"]
[WhiteElo "2400"]
[BlackElo "2538"]
[ECO "B26"]

1.e4 c5 2.Ne2 Nc6 3.Nbc3 g6 4.g3 Bg7 5.Bg2 d6 6.O-O e6 7.d3 Nge7 8.Be3 O-O
9.d4 b6 10.f4 Ba6 11.Re1 Rc8 12.Bf2 Qc7 13.d5 exd5 14.exd5 Na5 15.a4 Rce8
16.Ra2 Nf5 17.Ne4 Bc4 18.b3 Bxe2 19.Rxe2 Nd4 20.Rd2 h6 21.g4 f5 22.gxf5 Nxf5
23.Qg4 Qf7 24.h4 Re7 25.Kh1 Rfe8 26.Re2 Kh8 27.Bf3 h5 28.Qg2 Bh6 29.Be1 Bxf4
30.Bc3+ Be5 31.Ng5 Qf6 32.Be1 Bc3 33.Ne4 Rxe4 34.Bxc3 Qxc3 35.Rxe4 Ng3+ 36.Qxg3 Rxe4
37.Kg2 Qd2+ 38.Kh3 Re3 39.Ra1 Qxc2 40.Qf4 Qf5+ 41.Kg3 Qxf4+ 42.Kxf4 Rxb3
43.Re1 Kg7 44.Re7+ Kf8 45.Rxa7 Nc4 46.Be4 Ne5 47.Kg5 Rb4 48.Bc2 Rb2 49.Be4 Re2
50.Bb1 Rf2 51.Rb7 c4 52.Kh6 c3 53.Rc7 Rf3 54.Bc2 Ke8 55.Rb7 Rf2 56.Bxg6+ Kd8
57.Bh7 c2 58.Bxc2 Rxc2 59.Kxh5 Nd7 60.Kg6 Rg2+ 61.Kf5 Rh2 62.Kg5 Rg2+ 63.Kf5 Rh2
64.Kg5 Rd2 65.h5 Rxd5+ 66.Kg6 Ra5 67.h6 Kc8 68.h7 Nf8+ 69.Kf6 Rh5 70.Rxb6 Kc7
71.Ra6 Rxh7 72.Ra7+ Kc6 73.Ra6+ Kd5 74.Ra5+ Kc4 75.Ra8 Nd7+ 76.Ke6 d5 77.a5 Nc5+
78.Ke5 Re7+ 79.Kd6 Re6+ 80.Kc7  0-1

[Event "New England Masters"]
[Site "Peabody USA"]
[Date "2007.08.17"]
[Round "8"]
[White "Hess,Ro"]
[Black "Vigorito,D"]
[Result "1-0"]
[WhiteElo "2439"]
[BlackElo "2393"]
[ECO "B23"]

1.e4 c5 2.Nc3 Nc6 3.Bb5 Nd4 4.Bc4 e6 5.Nge2 Nf6 6.O-O a6 7.a4 d5 8.exd5 exd5
9.Ba2 Bg4 10.f3 Be6 11.d3 Nxe2+ 12.Qxe2 Be7 13.f4 O-O 14.f5 Bc8 15.Bg5 Re8
16.Qf3 d4 17.Bxf6 Bxf6 18.Ne4 Bd7 19.Nd6 Re7 20.Qh5 Be8 21.Ne4 Rxe4 22.dxe4 d3
23.cxd3 Qxd3 24.Bd5 Bxb2 25.Rad1 Qc3 26.Kh1 Rb8 27.f6 Qe5 28.Rf5 Qd6 29.Bxf7+ Bxf7
30.Qxf7+ Kxf7 31.Rxd6 gxf6 32.Rxc5 Re8 33.Rc7+ Kg6 34.Rxb7 Rxe4 35.g3 Re1+
36.Kg2 Re2+ 37.Kf3 Rxh2 38.Rxa6 h5 39.Ra8 Be5 40.Rg8+ Kf5 41.Rh7 Ke6 42.Ra8 Rh3
43.a5 Rxg3+ 44.Ke2 Ra3 45.a6 Bd4 46.Rxh5 f5 47.Rh4 Bc5 48.Rc8 Bg1 49.Rg8 Bc5
50.Rh6+ Kd5 51.Rd8+ Ke5 52.Rc6 Bg1 53.Rd3 Ra2+ 54.Rd2 Ra3 55.Rb2 Kd5 56.Rf6 Bd4
57.Rd2 Ke5 58.Rf8 Bc5 59.Re8+ Kf6 60.Rd5 Bg1 61.Rd6+ Kf7 62.Rb8 Ke7 63.Rg6  1-0

[Event "Independence Cup A"]
[Site "Kyiv UKR"]
[Date "2007.08.18"]
[Round "6"]
[White "Kernazhitsky,L"]
[Black "Katsman,M"]
[Result "1-0"]
[WhiteElo "2373"]
[BlackElo "2278"]
[ECO "B30"]

1.e4 c5 2.Nc3 Nc6 3.Bb5 Nd4 4.Bc4 e6 5.Nf3 Ne7 6.Nxd4 cxd4 7.Ne2 Nc6 8.O-O g6
9.d3 Bg7 10.f4 Na5 11.a3 Nxc4 12.dxc4 Qb6 13.Qd3 d6 14.Kh1 Bd7 15.c3 dxc3
16.Nxc3 Qd4 17.Rd1 Qxd3 18.Rxd3 Rc8 19.e5 dxe5 20.Ne4 Rc7 21.Nd6+ Ke7 22.Bd2 Ra8
23.Bc3 e4 24.Nxe4 Bxc3 25.Rxc3 Bc6 26.Re1 Rd8 27.Kg1 Rd4 28.Nf2 Rxf4 29.Nd3 Re4
30.Rxe4 Bxe4 31.Nf2 Bc6 32.b4 b6 33.c5 Bd5 34.Nd3 f6 35.Kf2 Be4 36.Nb2 bxc5
37.bxc5 Rd7 38.Nc4 Rd3 39.Rxd3 Bxd3 40.Nd6 Kd7 41.Ke3 Bf1 42.Ne4 f5 43.Nf6+ Kc6
44.Nxh7 Kxc5 45.Nf8 Kd6 46.Nxg6 Bxg2 47.h4 e5 48.h5 Bd5 49.h6 Bg8 50.Nf8 Kc5
51.Nd7+ Kd6 52.Nf6 Ke6 53.Nxg8 Kf7 54.h7 Kg7 55.Nf6 a5 56.a4 Kh8 57.Kf3 Kg7
58.Kg3 Kh8 59.Kh4 Kg7 60.Kg5 f4 61.Kg4 Kh8 62.Kf3 Kg7 63.Nd7  1-0

[Event "Open A"]
[Site "Polanica Zdroj POL"]
[Date "2007.08.18"]
[Round "2"]
[White "Bulski,K"]
[Black "Fistek,D"]
[Result "1/2-1/2"]
[WhiteElo "2396"]
[BlackElo "2167"]
[ECO "B66"]

1.e4 c5 2.Nc3 Nc6 3.Nge2 d6 4.d4 cxd4 5.Nxd4 Nf6 6.Bg5 e6 7.Qd2 a6 8.O-O-O Bd7
9.f3 h6 10.Be3 b5 11.Nxc6 Bxc6 12.Kb1 Be7 13.g4 d5 14.exd5 Nxd5 15.Nxd5 Bxd5
16.Bg2 Qc7 17.f4 Rd8 18.Bxd5 Rxd5 19.Qg2 Rxd1+ 20.Rxd1 O-O 21.g5 hxg5 22.fxg5 Qe5
23.Bc1 Rd8 24.Rf1 Qd5 25.Qf2 e5 26.Qa7 Qe6 27.Re1 Rd5 28.b3 e4 29.Qb8+ Kh7
30.Qg3 Kg8 31.Qb8+ Kh7 32.Qg3 Kg8  1/2-1/2

[Event "17th Chess Festival"]
[Site "Abu Dhabi UAE"]
[Date "2007.08.19"]
[Round "8"]
[White "Gopal,G"]
[Black "Venkatesh,M"]
[Result "0-1"]
[WhiteElo "2480"]
[BlackElo "2443"]
[ECO "B61"]

1.e4 c5 2.Nf3 Nc6 3.Nc3 d6 4.d4 cxd4 5.Nxd4 Nf6 6.Bg5 Bd7 7.Qd2 Rc8 8.Nb3 e6
9.O-O-O a6 10.f4 Be7 11.Kb1 b5 12.Bxf6 gxf6 13.f5 b4 14.fxe6 fxe6 15.Ne2 a5
16.Nbd4 Qb6 17.Nxc6 Qxc6 18.Qd3 a4 19.Nd4 Qc5 20.Be2 a3 21.Bg4 Qe5 22.Rhf1 h5
23.Bh3 Bd8 24.Qb3 Ke7 25.Rfe1 Bb6 26.Nf5+ Kf8 27.Nh4 Rg8 28.Nf3 Qa5 29.Qd3 Bc5
30.b3 Bb5 31.Qd2 Ke7 32.Qh6 Qc7 33.e5 dxe5 34.Nxe5 Bf2 35.Qh7+ Kf8 36.Nd7+ Bxd7
37.Rxd7 Qxc2+ 38.Qxc2 Rxc2 39.Rxe6 Rb2+ 40.Kc1 Rg5 41.Rxf6+ Ke8 42.Rc6 Rc5+
43.Rxc5 Bxc5 44.Rd3 Rxa2 45.Bd7+ Kf8 46.Bb5 Rxg2  0-1